Sports Quiz

Random Sports or Auto Racing Quiz

Formula One Winners (1990s) Quiz Stats

Quiz Updated Mar 9, 2015

Also try: Formula One Champs
Challenge
Share
Tweet
Embed
Score 0/49 Timer 10:00
16 Plays Today
Year Driver % Correct
1990Ayrton Senna
96.2%
1991Ayrton Senna
96.2%
1992Ayrton Senna
96.2%
1993Ayrton Senna
96.2%
1993Damon Hill
89.8%
1994Damon Hill
89.8%
1995Damon Hill
89.8%
1996Damon Hill
89.8%
1998Damon Hill
89.8%
1992Michael Schumacher
87%
1993Michael Schumacher
87%
1994Michael Schumacher
87%
1995Michael Schumacher
87%
1996Michael Schumacher
87%
1997Michael Schumacher
87%
1998Michael Schumacher
87%
1999Michael Schumacher
87%
1990Nigel Mansell
83.6%
1991Nigel Mansell
83.6%
1992Nigel Mansell
83.6%
1994Nigel Mansell
83.6%
1990Alain Prost
78.6%
1993Alain Prost
78.6%
1995David Coulthard
77.9%
1997David Coulthard
77.9%
Year Driver % Correct
1998David Coulthard
77.9%
1999David Coulthard
77.9%
1997Mika Hakkinen
73.4%
1998Mika Hakkinen
73.4%
1999Mika Hakkinen
73.4%
1995Johnny Herbert
61.2%
1999Johnny Herbert
61.2%
1999Eddie Irvine
60.5%
1996Jacques Villeneuve
57.4%
1997Jacques Villeneuve
57.4%
1991Gerhard Berger
54.4%
1992Gerhard Berger
54.4%
1994Gerhard Berger
54.4%
1997Gerhard Berger
54.4%
1990Nelson Piquet
51%
1991Nelson Piquet
51%
1995Jean Alesi
47.8%
1997Heinz-Harald Frentzen
39.7%
1999Heinz-Harald Frentzen
39.7%
1996Olivier Panis
34.9%
1990Riccardo Patrese
30.1%
1991Riccardo Patrese
30.1%
1992Riccardo Patrese
30.1%
1990Thierry Boutsen
19.5%

You're not logged in!

Compare scores with friends on all Sporcle quizzes.
Join for Free
OR
Log In

You Might Also Like...

Show Comments

Extras

Top Quizzes Today


Score Distribution

Your Account Isn't Verified!

In order to create a playlist on Sporcle, you need to verify the email address you used during registration. Go to your Sporcle Settings to finish the process.

Report this User

Report this user for behavior that violates our Community Guidelines.

Details: